[Event "Marijampole Buzas Memorial"]
[Site "Marijampole"]
[Date "2023.08.26"]
[Round "9"]
[White "Zvirblis, Andrius"]
[Black "Juknis, Paulius"]
[Result "0-1"]
[WhiteElo "1962"]
[BlackElo "2065"]
[PlyCount "96"]
[EventDate "2023.08.26"]
[EventType "swiss (rapid)"]
[EventRounds "9"]
[EventCountry "LTU"]
[SourceTitle "EXT 2024"]
[Source "ChessBase"]
[SourceDate "2023.10.10"]
[SourceVersion "1"]
[SourceVersionDate "2023.10.10"]
[SourceQuality "1"]

1. d4 Nf6 2. Nf3 g6 3. c4 Bg7 4. Nc3 0-0 5. e4 d6 6. Be2 e5 7. Be3 exd4 8. Nxd4 Re8 9. Bf3 Nbd7 10. 0-0 Ne5 11. Be2 Neg4 12. Bg5 h6 13. Bh4 g5 14. Bg3 h5 15. Nf5 Bxf5 16. exf5 Qd7 17. h3 Ne5 18. c5 Qxf5 19. cxd6 cxd6 20. Bxh5 Rad8 21. Be2 d5 22. Bb5 Nc6 23. Bd3 Ne4 24. Ne2 Qf6 25. Rb1 Ne5 26. Bb5 Re7 27. Bh2 a6 28. Ba4 b5 29. Bc2 Ree8 30. Nd4 Nc4 31. Nf3 Nxb2 32. Qc1 Nc4 33. Bxe4 dxe4 34. Nxg5 Nd2 35. h4 Nxf1 36. Qxf1 Rd2 37. Re1 Qf5 38. Nf3 Rxa2 39. Ng5 e3 40. f3 e2 41. Qf2 Ra1 42. g4 Rxe1+ 43. Qxe1 Qc5+ 44. Kg2 Qc3 45. Qb1 e1Q 46. Qh7+ Kf8 47. Bd6+ Re7 48. Ne6+ Qxe6 0-1

[Event "Marijampole Buzas Memorial"]
[Site "Marijampole"]
[Date "2023.08.26"]
[Round "3"]
[White "Zvirblis, Andrius"]
[Black "Salna, Aleksandras"]
[Result "0-1"]
[WhiteElo "1962"]
[BlackElo "2204"]
[PlyCount "80"]
[EventDate "2023.08.26"]
[EventType "swiss (rapid)"]
[EventRounds "9"]
[EventCountry "LTU"]
[SourceTitle "EXT 2024"]
[Source "ChessBase"]
[SourceDate "2023.10.10"]
[SourceVersion "1"]
[SourceVersionDate "2023.10.10"]
[SourceQuality "1"]

1. d4 d5 2. c4 c6 3. Nf3 Nf6 4. Qc2 g6 5. cxd5 cxd5 6. Nc3 Nc6 7. Bf4 Bf5 8. Qb3 Na5 9. Qa4+ Bd7 10. Qc2 Rc8 11. e3 Ne4 12. Bd3 Nxc3 13. bxc3 Bg7 14. 0-0 0-0 15. Ne5 Nc6 16. Nxd7 Qxd7 17. Bb5 a6 18. Ba4 b5 19. Bb3 Na5 20. Rac1 Rc6 21. Qd3 Rfc8 22. h3 e6 23. f3 b4 24. Ba4 bxc3 25. Bxc6 Qxc6 26. e4 Qa4 27. Be5 Bxe5 28. dxe5 d4 29. f4 Qc4 30. Qf3 d3 31. f5 exf5 32. exf5 d2 33. Rc2 Rd8 34. fxg6 Qxf1+ 35. Qxf1 d1Q 36. gxf7+ Kf8 37. Qxd1 Rxd1+ 38. Kh2 Rd3 39. e6 Nc6 40. Kg1 Nd4 0-1

[Event "LTU-ch sf"]
[Site "Vilnius"]
[Date "2022.04.10"]
[Round "4"]
[White "Pavlovic, Vladimir"]
[Black "Zvirblis, Andrius"]
[Result "1/2-1/2"]
[WhiteElo "2202"]
[BlackElo "1898"]
[PlyCount "134"]
[EventDate "2022.04.08"]
[EventType "swiss"]
[EventRounds "9"]
[EventCountry "LTU"]
[SourceTitle "CBM 207 Extra"]
[Source "ChessBase"]
[SourceDate "2022.05.31"]
[SourceVersion "1"]
[SourceVersionDate "2022.05.31"]
[SourceQuality "1"]

1. d4 Nf6 2. Nf3 e6 3. Bg5 c5 4. c3 Qb6 5. Qb3 Qxb3 6. axb3 d5 7. Nbd2 Nc6 8. e3 Ne4 9. Nxe4 dxe4 10. Nd2 f5 11. Bf4 Bd7 12. dxc5 Bxc5 13. b4 Bb6 14. Nc4 0-0 15. 0-0-0 Bc8 16. Be2 Bd8 17. Bd6 Re8 18. Ne5 Bf6 19. Nxc6 bxc6 20. Bc7 Bb7 21. Bc4 Rac8 22. Rd7 c5 23. Ba5 cxb4 24. Bxb4 Rxc4 25. Rxb7 a5 26. Bd6 Rd8 27. Rd1 Rc6 28. Ba3 Rxd1+ 29. Kxd1 Ra6 30. Kc2 Be5 31. g3 h6 32. Bc5 Ra8 33. Bd4 Bxd4 34. exd4 a4 35. h4 g5 36. hxg5 hxg5 37. Re7 Ra6 38. d5 exd5 39. Re5 a3 40. bxa3 Rxa3 41. Rxf5 Kh7 42. Kb2 Ra6 43. Rxd5 Kg6 44. Rd2 Kf5 45. Re2 Rf6 46. Kc2 Ke5 47. Kd1 Rf3 48. c4 Kd4 49. Rc2 Kc5 50. Ke2 g4 51. Rc1 e3 52. fxe3 Rxg3 53. Kd3 Rg2 54. Rb1 g3 55. Rb5+ Kd6 56. Rg5 Rg1 57. c5+ Kc6 58. Ke4 Rf1 59. Rxg3 Kxc5 60. Rg6 Re1 61. Rh6 Re2 62. Kd3 Ra2 63. Ke4 Re2 64. Re6 Rh2 65. Kf5 Rh5+ 66. Kg4 Kd5 67. Re8 Re5 1/2-1/2

[Event "LTU-chT"]
[Site "Lithuania"]
[Date "2022.03.19"]
[Round "5.2"]
[White "Solys, Laimutis"]
[Black "Zvirblis, Andrius"]
[Result "1-0"]
[WhiteElo "2300"]
[BlackElo "1902"]
[PlyCount "183"]
[EventDate "2022.03.11"]
[EventType "team-swiss"]
[EventRounds "7"]
[EventCountry "LTU"]
[SourceTitle "CBM 207 Extra"]
[Source "ChessBase"]
[SourceDate "2022.05.31"]
[SourceVersion "1"]
[SourceVersionDate "2022.05.31"]
[SourceQuality "1"]
[WhiteTeam "Kaunas Margiris"]
[BlackTeam "Panevezio Gigant"]
[WhiteTeamCountry "LTU"]
[BlackTeamCountry "LTU"]

1. e4 c6 2. d4 d5 3. exd5 cxd5 4. Bd3 Nc6 5. c3 Nf6 6. h3 g6 7. Nf3 Bg7 8. Bf4 0-0 9. 0-0 Bf5 10. Be2 a6 11. Nbd2 h6 12. Re1 g5 13. Bh2 Ne4 14. Nf1 b5 15. a3 e6 16. N3d2 Qb6 17. Ne3 Bg6 18. Nb3 Na5 19. Nxa5 Qxa5 20. Bd3 Bh7 21. f3 Nf6 22. Be5 Qb6 23. Bxh7+ Kxh7 24. Qd2 Rg8 25. g4 Nd7 26. Bg3 Bf6 27. Kh2 a5 28. Rf1 b4 29. f4 gxf4 30. Bxf4 Rg6 31. axb4 Ra7 32. bxa5 Rxa5 33. Rxa5 Qxa5 34. Ng2 Qb5 35. Rf2 Nb6 36. Be5 Nd7 37. Bg3 Kg7 38. Nf4 Bg5 39. Qe2 Qxe2 40. Rxe2 Bxf4 41. Bxf4 Nb6 42. b3 f5 43. Kg3 Kf7 44. Ra2 Nd7 45. Ra7 Ke8 46. c4 dxc4 47. bxc4 fxg4 48. hxg4 h5 49. g5 e5 50. dxe5 Nxe5 51. c5 Nd3 52. Be3 Nxc5 53. Kh4 Ne6 54. Kxh5 Rg7 55. Ra5 Kf7 56. Rf5+ Ke8 57. g6 Rg8 58. Bh6 Ke7 59. Rf7+ Kd6 60. g7 Nxg7+ 61. Bxg7 Ke6 62. Kg6 Re8 63. Rf1 Kd5 64. Kf5 Kc4 65. Rd1 Re2 66. Be5 Rg2 67. Bd4 Kd5 68. Be3+ Kc6 69. Ke5 Re2 70. Rc1+ Kd7 71. Rc3 Re1 72. Kd5 Rd1+ 73. Bd4 Rh1 74. Ra3 Rc1 75. Ra7+ Rc7 76. Ra6 Rc2 77. Rh6 Re2 78. Rh1 Re7 79. Be5 Rf7 80. Ra1 Rf2 81. Ra7+ Kc8 82. Rc7+ Kd8 83. Rb7 Kc8 84. Ra7 Rd2+ 85. Ke6 Rd1 86. Rc7+ Kd8 87. Rc4 Ke8 88. Bg3 Rd3 89. Rg4 Kf8 90. Bd6+ Ke8 91. Bg3 Rf3 92. Bf4 1-0

[Event "LTU-chT"]
[Site "Lithuania"]
[Date "2022.03.19"]
[Round "6.4"]
[White "Zvirblis, Andrius"]
[Black "Kienboeck, Benjamin"]
[Result "1-0"]
[WhiteElo "1902"]
[BlackElo "1929"]
[PlyCount "91"]
[EventDate "2022.03.11"]
[EventType "team-swiss"]
[EventRounds "7"]
[EventCountry "LTU"]
[SourceTitle "CBM 207 Extra"]
[Source "ChessBase"]
[SourceDate "2022.05.31"]
[SourceVersion "1"]
[SourceVersionDate "2022.05.31"]
[SourceQuality "1"]
[WhiteTeam "Panevezio Gigant"]
[BlackTeam "Vilnius Juoda Balta"]
[WhiteTeamCountry "LTU"]
[BlackTeamCountry "LTU"]

1. d4 Nf6 2. Nf3 d5 3. c4 e6 4. cxd5 exd5 5. Bg5 Be7 6. Qc2 h6 7. Bh4 0-0 8. e3 Ne4 9. Bxe7 Qxe7 10. Nc3 c6 11. Bd3 Nd6 12. 0-0 Nd7 13. b4 f5 14. b5 Ne4 15. bxc6 bxc6 16. Rac1 Bb7 17. Na4 Rac8 18. Nd2 c5 19. Bxe4 fxe4 20. Nxc5 Nxc5 21. dxc5 Ba6 22. Rfe1 Bd3 23. Qc3 Qf7 24. f4 exf3 25. gxf3 Bb5 26. Qd4 Rc7 27. Kh1 Qh5 28. f4 Bc6 29. Rg1 Re7 30. Rg3 Rff7 31. Rcg1 Qf5 32. Rg6 Ba8 33. Rxh6 Rxe3 34. Rhg6 Ree7 35. c6 Rc7 36. R1g5 Qc2 37. f5 Bxc6 38. f6 Qd1+ 39. Rg1 Qa4 40. Nf3 Qxd4 41. Nxd4 Bb7 42. h4 Kh7 43. fxg7 Rxg7 44. h5 Rcf7 45. Nf5 d4+ 46. Kh2 1-0

[Event "LTU-ch Rapid op"]
[Site "Vilnius"]
[Date "2021.07.17"]
[Round "3"]
[White "Eigminas, Kipras"]
[Black "Zvirblis, Andrius"]
[Result "1-0"]
[WhiteElo "2223"]
[BlackElo "1932"]
[PlyCount "127"]
[EventDate "2021.07.17"]
[EventType "swiss (rapid)"]
[EventRounds "9"]
[EventCountry "LTU"]
[SourceTitle "EXT 2023"]
[Source "ChessBase"]
[SourceDate "2022.10.05"]
[SourceVersion "1"]
[SourceVersionDate "2022.10.05"]
[SourceQuality "1"]

1. e4 c6 2. Nc3 d5 3. Nf3 dxe4 4. Nxe4 Bf5 5. Ng3 Bg4 6. h3 Bxf3 7. Qxf3 Nf6 8. Be2 e6 9. 0-0 Be7 10. Rd1 0-0 11. d4 Nbd7 12. a4 Nb6 13. a5 Nbd5 14. a6 b5 15. c3 Rb8 16. b3 Rb6 17. Bd2 Qc8 18. c4 bxc4 19. bxc4 Nb4 20. c5 Rb8 21. Bf4 Ra8 22. Rab1 Nxa6 23. Ne4 Nxe4 24. Qxe4 Nb8 25. Bd3 g6 26. Bh6 Rd8 27. Bc4 Bf8 28. Bg5 Re8 29. Rd3 Nd7 30. Rf3 Qc7 31. Bf4 Qc8 32. Bg3 Bg7 33. Bd6 Nf6 34. Qh4 Nd5 35. Rfb3 a5 36. Rb7 Nb4 37. Rc7 Qd8 38. Qe4 Qf6 39. Be5 Qf5 40. Qxf5 gxf5 41. Bd6 Bxd4 42. Rb3 Nd5 43. Rg3+ Kh8 44. Rxf7 Rg8 45. Rd3 Bb2 46. Rd2 Bc3 47. Rc2 Rg7 48. Rf8+ Rxf8 49. Bxf8 Rg8 50. Bd6 Bd4 51. Re2 Rg6 52. Ba6 f4 53. Kf1 Nc3 54. Re1 Kg7 55. Bb7 Kf6 56. Bxc6 e5 57. Bd7 Rg7 58. c6 Nd5 59. Rb1 e4 60. Rd1 Nb6 61. Rxd4 e3 62. Rxf4+ Kg6 63. Rg4+ Kf7 64. Rxg7+ 1-0

[Event "LTU-chT Rapid"]
[Site "Panevezys"]
[Date "2019.11.24"]
[Round "5.7"]
[White "Steponavicius, Stasys"]
[Black "Zvirblis, Andrius"]
[Result "1-0"]
[WhiteElo "2175"]
[BlackElo "1990"]
[PlyCount "103"]
[EventDate "2019.11.23"]
[EventType "team-swiss (rapid)"]
[EventRounds "8"]
[EventCountry "LTU"]
[SourceTitle "EXT 2023"]
[Source "ChessBase"]
[SourceDate "2022.10.05"]
[SourceVersion "1"]
[SourceVersionDate "2022.10.05"]
[SourceQuality "1"]

1. d4 Nf6 2. c4 e6 3. Nc3 d5 4. cxd5 exd5 5. Bg5 Be7 6. e3 c6 7. Bd3 0-0 8. Qc2 Nbd7 9. Nge2 Re8 10. 0-0 Nf8 11. Rab1 Ne4 12. Bxe7 Qxe7 13. Bxe4 dxe4 14. d5 Bd7 15. Rfd1 cxd5 16. Nxd5 Qe5 17. Rd2 Bb5 18. Qb3 Bd3 19. Rc1 Rad8 20. Nec3 b5 21. Nb4 Bc4 22. Qd1 Rxd2 23. Qxd2 Ng6 24. Qd7 Re7 25. Qg4 h5 26. Qg3 Qf5 27. Nc6 Re8 28. Nd4 Qf6 29. b3 Bd3 30. Nd5 Qd8 31. Nf4 h4 32. Qg4 Ne5 33. Qd1 Qg5 34. h3 Rd8 35. Qh5 Qf6 36. Qf5 Qxf5 37. Nxf5 g5 38. Nd5 Kf8 39. Nf6 Be2 40. Rc5 Ng6 41. Rc7 Ne5 42. Rxa7 g4 43. hxg4 Bxg4 44. Nd4 Bc8 45. Nxe4 h3 46. gxh3 Bxh3 47. Ng5 Bg4 48. f4 Nd3 49. Rxf7+ Kg8 50. Nc6 Rd7 51. Ne7+ Kh8 52. Rh7# 1-0